007860000a22002050004500952009000000999001700090001001000107003001000117005001700127008004100144022001400185040004100199041000800240100003600248245010000284300005900384546002200443773010700465942000800572 001040708HEMaFUSBCbFUSBCd2016-01-26l0o r2016-01-26 00:00:00w2016-01-26yANA c54121d54121768714001CO-MdFUSB20170811111614.0170811s2000 xxu||||| |||| 00| 0 eng d a0098-9444 aCO-MdFUSBbspacCO-MdFUSBdCO-MdFUSB aeng1 aDavies, Philip (1948- )eautor 10aThe search for history in the Bible :b what separates a minimalist from a maximalist? Not much aVolumen 26. Número 2 (2000), Páginas 22-27c28 cm. aTexto en inglés0 tBiblical Archaeology Review049395959475gVolumen 26. Número 2 (2000), Páginas 22-27qPágina 22 cANA